| 000 | 004750000a22001930004500 | ||
|---|---|---|---|
| 001 | 002981 | ||
| 003 | MACL | ||
| 005 | 20150725170455.0 | ||
| 008 | 150725b xxu||||| |||| 00| 0 eng d | ||
| 040 |
_aMACL _cMACL |
||
| 041 | _aEnglish | ||
| 082 | _a330/JAI | ||
| 100 |
_aJain, Gopal Lal _92433 |
||
| 245 |
_aEconomic Growth And Development _cGopal Lal Jain |
||
| 260 |
_aDelhi _c2001 _bUtility Books, |
||
| 350 | _a250 | ||
| 650 |
_aEconomics _92434 |
||
| 942 |
_k330 _cBK _2ddc |
||
| 999 |
_c14887 _d14887 |
||